<?xml version="1.0" encoding="UTF-8"?>
<record
    xmlns:xsi="http://www.w3.org/2001/XMLSchema-instance"
    xsi:schemaLocation="http://www.loc.gov/MARC21/slim http://www.loc.gov/standards/marcxml/schema/MARC21slim.xsd"
    xmlns="http://www.loc.gov/MARC21/slim">

  <leader>00957nam a22001817a 4500</leader>
  <controlfield tag="003">IT-RoPau</controlfield>
  <controlfield tag="005">20220918175936.0</controlfield>
  <controlfield tag="008">121213b        xxu||||| |||| 00| 0 eng d</controlfield>
  <datafield tag="040" ind1=" " ind2=" ">
    <subfield code="c">IT-RoPau</subfield>
  </datafield>
  <datafield tag="100" ind1=" " ind2=" ">
    <subfield code="a">Alberione Giacomo</subfield>
    <subfield code="q">Fondatore Famiglia Paolina</subfield>
    <subfield code="9">19</subfield>
  </datafield>
  <datafield tag="245" ind1=" " ind2=" ">
    <subfield code="a">Abundantes divitiae gratiae suae.</subfield>
    <subfield code="b">Storia carismatica della Famiglia Paolina</subfield>
  </datafield>
  <datafield tag="250" ind1=" " ind2=" ">
    <subfield code="a">I</subfield>
  </datafield>
  <datafield tag="260" ind1=" " ind2=" ">
    <subfield code="a">Roma</subfield>
    <subfield code="b">Casa Generalizia della Pia Societ&#xE0; San Paolo</subfield>
    <subfield code="c">1998</subfield>
  </datafield>
  <datafield tag="300" ind1=" " ind2=" ">
    <subfield code="a">191 p.</subfield>
    <subfield code="c">21,5 cm</subfield>
  </datafield>
  <datafield tag="490" ind1=" " ind2=" ">
    <subfield code="a">Opera Omnia</subfield>
    <subfield code="v">I</subfield>
  </datafield>
  <datafield tag="520" ind1=" " ind2=" ">
    <subfield code="a">SOMMARIO

Presentazione
Bibliografia essenziale
Introduzione
Avvertenze

ABUNDANTES DIVITIAE GRATIAE SUAE [nn. 1-204]

Prefazione [1-6]
I. PRIME GRAZIE .
   VOCAZIONE E MISSIONE PARTICOLARE [7-35]
II. ESPERIENZE E ORIENTAMENTI  [36 -100]
III. VERSO LA FONDAZIONE [101 - 110]
IV. PROBLEMI DI CRESCITA E PROSPETTIVE [111 - 150]
V. RISORSE CARISMATICHE [151 - 184]
VI. GUARDANDO AL FUTURO [185 - 204]

APPENDICI

INDICI   </subfield>
  </datafield>
  <datafield tag="942" ind1=" " ind2=" ">
    <subfield code="2">ddc</subfield>
    <subfield code="c">BK</subfield>
  </datafield>
  <datafield tag="999" ind1=" " ind2=" ">
    <subfield code="c">37651</subfield>
    <subfield code="d">37651</subfield>
  </datafield>
  <datafield tag="952" ind1=" " ind2=" ">
    <subfield code="0">0</subfield>
    <subfield code="1">0</subfield>
    <subfield code="2">ddc</subfield>
    <subfield code="4">0</subfield>
    <subfield code="6">PA_000000000000000_6</subfield>
    <subfield code="7">1</subfield>
    <subfield code="a">PAULUS</subfield>
    <subfield code="b">PAULUS</subfield>
    <subfield code="d">2012-12-13</subfield>
    <subfield code="l">0</subfield>
    <subfield code="o">PA6</subfield>
    <subfield code="r">2012-12-13 00:00:00</subfield>
    <subfield code="w">2012-12-13</subfield>
    <subfield code="y">BK</subfield>
  </datafield>
</record>
